مسيرة المرأة المصرية : علامات ومواقف : ج. 1 /

المرأة المصرية صاحبة تاريخ طويل ممتد عبر سبعة الآف عام، كانت فيها شريكة للرجل فى كل إنجازات حضارتنا، وربما لم تشهد حضارة من الحضارات القديمة مكانة متميزة للمرأة مثلما شهدت الحضارة المصرية القديمة....

全面介绍

Saved in:
书目详细资料
主要作者: الصدة، هدى
其他作者: أبوغازي، عماد، (مؤلف مشارك.), عصفور، جابر، (مراجع.)
格式: 图书
语言:阿拉伯语
出版: القاهرة : المجلس القومي للمرأة، 2001.
版:ط.1.
主题:
标签: 添加标签
没有标签, 成为第一个标记此记录!

MARC

LEADER 00000nam a22000007a 4500
003 INP
005 20181121002510.0
008 171231s2001 ua ac||fr|||| 00| 0 ara d
952 |0 0  |1 0  |4 0  |6 301_412000000000000_هـ_م  |7 0  |8 arabic_Boo  |9 13120  |a INP  |b INP  |c MAIN  |d 2018-08-13  |l 0  |o 301.412 هـ م  |p 014471  |r 2018-08-13 00:00:00  |w 2018-08-13  |y BK  |0 0 
999 |c 12798  |d 12798 
040 |a EG-INP  |b ara  |c EG-INP 
082 0 4 |2 21  |a 301.412  |b هـ م 
100 1 |a الصدة، هدى. 
245 1 0 |a مسيرة المرأة المصرية :   |b علامات ومواقف :   |n ج. 1 /   |c هدى الصدة، عماد أبوغازي؛ مراجعة جابر عصفور. 
250 |a ط.1.  
260 |a القاهرة :   |b المجلس القومي للمرأة،   |c 2001. 
300 |a 130 ص. :   |b إيض. ؛   |c 23 سم. 
504 |a يشتمل على إرجاعات ببليوجرافية. 
520 |a المرأة المصرية صاحبة تاريخ طويل ممتد عبر سبعة الآف عام، كانت فيها شريكة للرجل فى كل إنجازات حضارتنا، وربما لم تشهد حضارة من الحضارات القديمة مكانة متميزة للمرأة مثلما شهدت الحضارة المصرية القديمة. 
650 7 |a تحرير المرأة.  |2 qramk 
650 7 |a حرية المراة.  |2 qramk 
650 7 |a المرأة.  |2 qramk 
650 7 |a حقوق المرأة.  |2 qramk 
700 1 |a أبوغازي، عماد،   |e مؤلف مشارك. 
700 1 |a عصفور، جابر،   |e مراجع. 
901 |a EGPV3 
902 |a EGPV10 
903 |a original 
942 |2 ddc  |c BK